| 000 | 00697nam a2200241Ia 4500 | ||
|---|---|---|---|
| 003 | OSt | ||
| 005 | 20221006145828.0 | ||
| 006 | a|||||r|||| 00| 0 | ||
| 007 | ta | ||
| 008 | 221006b |||||||| |||| 00| 0 eng d | ||
| 024 | _a16,052 | ||
| 037 | _cTextual | ||
| 040 |
_aEASL _cEASL _beng |
||
| 041 |
_2eng _aeng |
||
| 082 | _aV41:192.P1, P3 | ||
| 100 |
_aSIDHU Waheguru Pal Singh _9148432 |
||
| 245 | 0 |
_aChina and India _b Cooperation or conflict |
|
| 260 |
_aIndia _bInda Reserach Press _c2003 |
||
| 300 |
_a204p. _ccm. |
||
| 700 |
_a YUAN Jing-dong _9148433 |
||
| 942 |
_hV41:192.P1, P3 _cTEXL _2CC |
||
| 999 |
_c1084138 _d1084138 |
||